000 00676nam a2200217 a 4500
001 5993
003 CO-ViMGA
008 141112s2004 ck r 000 u spa d
040 _aCO-ViMGA
_bspa
_cCO-ViMGA
082 0 4 _aR797.25 P373
100 1 _aPerea, Rosero Tucidides
245 1 0 _aNatación II :
_bpolo acuático y nado sincronizado
260 _aSantafé de Bogotá :
_bPanAméricana,
_c1994
300 _a215 p : il
490 0 _aReglamentos deportivos ilustrados, 15
590 _aDatos de inventario : 05477
650 1 4 _aNADO SINCRONIZADO - REGLAMENTOS
_94041
650 1 4 _aNATACION - REGLAMENTO
650 1 4 _aPOLO ACUATICO - REGLAMENTOS
_94043
942 _2ddc
_cBK
999 _c10159
_d10159